A vendégkönyvek lapjairól
Elmentve itt :
| Szerző: | |
|---|---|
| Dokumentumtípus: | Cikk |
| Megjelent: |
1964-08-08
|
| Sorozat: | Délmagyarország
54 No. 185 |
| Kulcsszavak: | Kulturális élet Szeged 1964, Kiállítások Szeged 1964, kiállítások |
| Online Access: | http://dmarchiv.bibl.u-szeged.hu/72582 |
| LEADER | 00503nab a2200157 i 4500 | ||
|---|---|---|---|
| 001 | delm72582 | ||
| 005 | 20180928082630.0 | ||
| 008 | 180928s1964 hu o 0|| hun d | ||
| 040 | |a SZTE Délmagyarország Archívum |b hun | ||
| 041 | |a hun | ||
| 100 | 1 | |a Lődi Ferenc | |
| 245 | 1 | 2 | |a A vendégkönyvek lapjairól |h [elektronikus dokumentum] / |c Lődi Ferenc |
| 260 | |c 1964-08-08 | ||
| 300 | |a 5 | ||
| 490 | 0 | |a Délmagyarország |v 54 No. 185 | |
| 695 | |a Kulturális élet Szeged 1964, Kiállítások Szeged 1964, kiállítások | ||